|
|
|
|
| LEADER |
01188nam a2200253 a 4500 |
| 001 |
GR-MES15035 |
| 008 |
060619s2007 gr b 001 b eng d |
| 020 |
|
|
|a 047175823X
|
| 020 |
|
|
|a 9780471758235
|
| 040 |
|
|
|a GrPaTEI
|b gre
|c GR-PaULI
|
| 040 |
|
|
|a GrPaTEI
|b gre
|c GR-PaULI
|
| 082 |
|
0 |
|a 388.406 8
|2 21
|
| 100 |
1 |
|
|a Vuchic, Vukan R.
|
| 245 |
1 |
0 |
|a Urban transit systems and technology /
|c Vukan R. Vuchic.
|
| 260 |
|
|
|a Hoboken, N.J. :
|b John Wiley & Sons,
|c c2007
|
| 300 |
|
|
|a xvi, 602 σ. :
|b εικ., χάρ. ;
|c 25 εκ.
|
| 504 |
|
|
|a Περιλαμβάνει βιβλιογραφικές παραπομπές και ευρετήριο.
|
| 650 |
|
0 |
|a Transportation engineering
|z United States
|
| 650 |
|
0 |
|a Urban transportation
|z United States
|x Planning
|
| 650 |
|
4 |
|a Αστικές μεταφορές
|z Ηνωμένες Πολιτείες Αμερικής
|x Σχεδιασμός
|
| 942 |
|
|
|2 ddc
|
| 952 |
|
|
|0 0
|1 0
|2 ddc
|4 0
|6 338_406000000000000_8_VUC
|7 0
|9 272882
|a MSLG
|b MSLG
|c BSC
|d 2021-01-17
|e 24
|f 0
|g 0.00
|l 0
|o 338.406 8 VUC
|p 2420000023519
|r 2021-01-17 00:00:00
|t 1
|w 2021-01-17
|y BK15
|x 20090330 0 ΤΣΑΝΤΑΡΛΙΩΤΗ 1
|x GrPaTEI
|
| 971 |
|
|
|a .b25810844
|b 15-04-20
|c 13-09-16
|
| 999 |
|
|
|c 157916
|d 157916
|